Self-governing socialism. (Record no. 8530)
[ view plain ]
| 000 -LEADER | |
|---|---|
| fixed length control field | 00746aam a2200229uu 4500 |
| 001 - CONTROL NUMBER | |
| control field | WIIW0000103 |
| 003 - CONTROL NUMBER IDENTIFIER | |
| control field | OSt |
| 005 - DATE AND TIME OF LATEST TRANSACTION | |
| control field | 20180823130144.0 |
| 008 - FIXED-LENGTH DATA ELEMENTS--GENERAL INFORMATION | |
| fixed length control field | 180823s1975 ||||| |||| ||| ||eng d |
| 020 ## - INTERNATIONAL STANDARD BOOK NUMBER | |
| International Standard Book Number | 0-87332-050-6 |
| 040 ## - CATALOGING SOURCE | |
| Transcribing agency | OSt |
| 041 ## - LANGUAGE CODE | |
| Language code of text/sound track or separate title | eng |
| 245 00 - TITLE STATEMENT | |
| Title | Self-governing socialism. |
| Remainder of title | A reader |
| Number of part/section of a work | Vol. 1 |
| Name of part/section of a work | Historical Development Social and Political Philosophy |
| 260 ## - PUBLICATION, DISTRIBUTION, ETC. | |
| Place of publication, distribution, etc. | White Plains, NY : |
| Name of publisher, distributor, etc. | International Arts and Sciences Press, |
| Date of publication, distribution, etc. | 1975 |
| 300 ## - PHYSICAL DESCRIPTION | |
| Extent | X, 490 S. |
| 700 1# - ADDED ENTRY--PERSONAL NAME | |
| Personal name | Horvat, Branko |
| Relator term | ed. |
| 700 1# - ADDED ENTRY--PERSONAL NAME | |
| Personal name | Marković, Mihailo |
| Relator term | ed. |
| 700 1# - ADDED ENTRY--PERSONAL NAME | |
| Personal name | Supek, Rudi |
| Relator term | ed. |
| 700 1# - ADDED ENTRY--PERSONAL NAME | |
| Personal name | Kramer, Helen |
| Relator term | ed. |
| 773 0# - HOST ITEM ENTRY | |
| Title | Self-governing socialism. |
| Record control number | WIIW0000102 |
| Place, publisher, and date of publication | White Plains, NY : International Arts and Sciences Press |
| Related parts | 1 |
| 942 ## - ADDED ENTRY ELEMENTS (KOHA) | |
| Koha item type | Book |
| Withdrawn status | Lost status | Damaged status | Not for loan | Home library | Current library | Shelving location | Date acquired | Total Checkouts | Full call number | Barcode | Date last seen | Price effective from | Koha item type |
|---|---|---|---|---|---|---|---|---|---|---|---|---|---|
| WIIW | WIIW | Souterrain | 02/27/1978 | I-847/1 | 2000000006444 | 08/23/2018 | 08/23/2018 | Book |
